Countries Most Similar To Haiti - Statistics

General Stats
  • This quiz has been taken 76 times
  • The average score is 9 of 20
Answer Stats
Rank Country Score % Correct
1 Dominican Republic 71.7
95%
16 Jamaica 65.5
70%
6 Republic of the Congo 66.8
58%
18 Benin 64.8
51%
10 El Salvador 66.5
51%
3 Honduras 68.8
51%
14 Togo 65.6
51%
12 Cameroon 66.1
46%
13 Guatemala 65.6
44%
11 Liberia 66.1
44%
2 Nicaragua 70.6
44%
17 Guinea 65.2
39%
9 Ivory Coast 66.7
39%
15 DRC 65.5
35%
5 Madagascar 67.9
30%
7 CAR 66.8
28%
19 Angola 64.6
26%
20 Guinea Bissau 63.8
25%
4 Burundi 68.6
23%
8 Rwanda 66.7
19%
No matching quizzes found
Score Distribution
Percent of People with Each Score
Percentile by Number Answered
Your Score History
You have not taken this quiz